| 000 | 00644 a2200229 4500 | ||
|---|---|---|---|
| 001 | 200001503 | ||
| 650 | 0 | 0 |
_969962 _aIndividuality _*Individuality. |
| 999 |
_c200001503 _d521 |
||
| 003 | TR-AnTOB | ||
| 005 | 20191128144922.0 | ||
| 008 | 110625s2009 tu 000 0 d | ||
| 041 |
_atur _heng |
||
| 050 | 1 | 4 |
_aHM1276 _b.D36 2009 |
| 090 | _aHM1276 .D36 2009 | ||
| 100 | 1 |
_aErgin, Sinan _969961 |
|
| 245 | 1 | 0 |
_aNeden ? / _cSinan Ergin. |
| 264 | 1 |
_aİstanbul : _bGAO Basım Yayın ve Tanıtım Hiz. San. Ltd. Şti., _c2009. |
|
| 300 |
_a152 p.: _c22 cm. |
||
| 650 | 0 | 0 |
_aCreative thinking _955534 |
| 650 | 0 |
_aYaratıcı düşünce _96879 |
|
| 942 | _cBK | ||